000 01030cam a2200253a 44500
003 OSt
005 20150408113735.0
008 980727s1985 ua a f 00010 ara d
040 _aSA-RiAUC
_bara
_cSA-RiAUC
041 _aعربي
072 _a055
_xعلوم الحياة
082 0 4 _a575.1 ج ا ت
092 _a575.1
_bج ا ت
100 1 _aجاردنر، إلدون ج.
_92036
245 1 2 _aالتدريبات الوراثية المعملية /
_cتأليف أ. ج. رجانردنر، ت. ر. ميرتز ؛ ترجمة عبد الفتاح عرفة طايل، أحمد عبد السلام محمود، سمير عبد العزيز ؛ مراجعة محمد يحيى هيكل.
260 _aالقاهرة
_bالدار العربية للنشر والتوزيع،
_c1405] 1985 أو 1406]
300 _a225 ص.
_bإيض. ؛
_c25 سم. 7
650 _xتجارب
_2aucsh.1
700 _eمترجم.1
_92037
700 _eمترجم.1
_92038
700 _eمترجم.1
_92039
700 _eمراجع.\\
_91145
942 _2ddc
_cBOOK
999 _c2169
_d236669